000 00323nam a22001337a 4500
008 171014b xxu||||| |||| 00| 0 eng d
020 _a9780321560469
041 _aeng
080 _a330.101.541
100 _a52
101 _aPUN
245 _aENVIRONMENTAL & NATURAL RESOURCE ECONOMICS
_cTIETENBERG, T
942 _2udc
_cBK
999 _c33963
_d33963